Pameran pengembaraan Laksamana Cheng Ho dan pengaruh terhadap Benua Asia 2011 = The legasy of admiral Cheng Ho's expedition and its impact on Asia exhibition 2011

Bibliographic Details
Format: Book
Published: JB : ISutera Mall , 2011
Subjects:

MARC

LEADER 00000cam a2200000 7i4500
001 0000031301
005 20120102.0
008 120102
090 0 0 |a 951.026   |b PAM 
245 1 0 |a Pameran pengembaraan Laksamana Cheng Ho dan pengaruh terhadap Benua Asia 2011 = The legasy of admiral Cheng Ho's expedition and its impact on Asia exhibition 2011 
260 |a JB :   |b ISutera Mall ,   |c 2011 
650 0 |a China   |x Foreign relations   |x Southeast Asia 
650 0 |a Islam   |x Southeast Asia   |x History 
650 0 |a Southeast Asia   |x Foreign relations   |x China 
650 0 |a Zheng He, 1371-1435   |x Travel   |x Southeast Asia 
999 |a 0001143228   |b Book   |c Chinese Collection   |e Perbadanan Perpustakaan Awam Johor